Central Library OPAC University of Rajshahi

Quantum mechanics : (Record no. 80144)

MARC details
000 -LEADER
fixed length control field 00744nam a2200253 a 4500
001 - CONTROL NUMBER
control field 80144
003 - CONTROL NUMBER IDENTIFIER
rucl marc code BD-RjUL
005 - DATE AND TIME OF LATEST TRANSACTION
control field 20220801111013.0
008 - FIXED-LENGTH DATA ELEMENTS--GENERAL INFORMATION
fixed length control field 220731r20222009enka b 001 0 eng
020 ## - INTERNATIONAL STANDARD BOOK NUMBER
International Standard Book Number 9789354640773
International Standard Book Number 9789354640827
035 ## - SYSTEM CONTROL NUMBER
System control number (BD-RjUL)80144
040 ## - CATALOGING SOURCE
Original cataloging agency BD-RjUL
Language of cataloging eng
Transcribing agency BD-RjUL
041 ## - LANGUAGE CODE
Language code of text/sound track or separate title eng
082 ## - DEWEY DECIMAL CLASSIFICATION NUMBER
Edition number 23
Classification number 530.12
Author mark and year ZEQ 2022
100 1# - MAIN ENTRY--PERSONAL NAME
Personal name Zettili, Nouredine.
9 (RLIN) 4198
245 10 - TITLE STATEMENT
Title Quantum mechanics :
Remainder of title concepts and applications /
Statement of responsibility, etc. Nouredine Zettili.
250 ## - EDITION STATEMENT
Edition statement 2nd ed.
260 ## - PUBLICATION, DISTRIBUTION, ETC. (IMPRINT)
Place of publication, distribution, etc. New Delhi :
Name of publisher, distributor, etc. Wiley India Pvt. Ltd.;
Date of publication, distribution, etc. 2022.
300 ## - PHYSICAL DESCRIPTION
Pagination xviii, 829 p. :
Illustrations ill. ;
Size 25 cm.
504 ## - BIBLIOGRAPHY, ETC. NOTE
Bibliography, etc Includes bibliographical references and index.
650 #0 - SUBJECT ADDED ENTRY--TOPICAL TERM
Topical term or geographic name as entry element Quantum theory.
9 (RLIN) 4199
942 ## - ADDED ENTRY ELEMENTS (KOHA)
Source of classification or shelving scheme Dewey Decimal Classification
Koha item type Books
Holdings
Lost status Source of classification or shelving scheme Damaged status Not for loan Collection code Permanent Location Current Location Shelving location Date acquired Source of acquisition Cost, normal purchase price Total Checkouts Full call number Date last seen Copy number Koha item type Date checked out
  Dewey Decimal Classification   Not For Loan Non-fiction Central Library, University of Rajshahi Central Library, University of Rajshahi Reading Room 26/04/2022 Paragon Enterprise, Dhaka 3108.00   530.12 ZEQ 2022 01/08/2022 C-1 Books  
  Dewey Decimal Classification     Non-fiction Central Library, University of Rajshahi Central Library, University of Rajshahi General Stacks 26/04/2022 Paragon Enterprise, Dhaka 3108.00 3 530.12 ZEQ 2022 11/12/2023 C-2 Books 22/11/2023
  Dewey Decimal Classification     Non-fiction Central Library, University of Rajshahi Central Library, University of Rajshahi General Stacks 26/04/2022 Paragon Enterprise, Dhaka 3108.00 5 530.12 ZEQ 2022 12/12/2023 C-3 Books 03/12/2023